000 00740nam a22002412i 4500
001 20933
003 BD-RjUL
005 20211209000629.0
008 140302s1983 enk b 001 0 eng d
020 _a0416360807
035 _a(BD-RjUL)20995
040 _aBD-RjUL
_cBD-RjUL
_dBD-RjUL
_beng
041 _aeng
082 0 0 _a801.950973
_bLEA 1983
_223
100 1 _aLentricchia, Frank.
_964671
245 1 0 _aAfter the new criticism /
_cFrank Lentricchia
260 _aLondon :
_bMethuen,
_c1983.
300 _axiv, 384 p. ;
_c24 cm
504 _aIncludes bibliographical references and index.
650 0 _aCriticism
_xHistory
_y20th century.
_964672
650 0 _aCriticism
_zUnited States
_xHistory
_y20th century.
_964673
942 _2ddc
_cBK
999 _c20933
_d20933